University Home | Library Home | Institutional Repository

Official guide and information brochure of Kitwe : (Record no. 123955)

MARC details
000 -LEADER
fixed length control field 00945cam5a220021700 4500
001 - CONTROL NUMBER
control field tmp15768446
003 - CONTROL NUMBER IDENTIFIER
control field UPRA
005 - DATE AND TIME OF LATEST TRANSACTION
control field 20190822085241.0
008 - FIXED-LENGTH DATA ELEMENTS--GENERAL INFORMATION
fixed length control field 951024s1956 za l eng u
035 ## - SYSTEM CONTROL NUMBER
System control number (Sirsi) r92708
035 ## - SYSTEM CONTROL NUMBER
System control number (UPRA)tmp15768446
040 ## - CATALOGING SOURCE
Transcribing agency UPRA
111 2# - MAIN ENTRY--MEETING NAME
Meeting name or jurisdiction name as entry element Kitwe City Council.
Linkage A8817.1
245 10 - TITLE STATEMENT
Title Official guide and information brochure of Kitwe :
Remainder of title (the pulse of the fabulous Copperbelt) 1936-1956 /
Statement of responsibility, etc. [by] the Municipal Council of Kitwe and the Kitwe and District Chamber of Commerce and Industry.
260 ## - PUBLICATION, DISTRIBUTION, ETC.
Place of publication, distribution, etc. Kitwe :
Name of publisher, distributor, etc. Kitwe Publicity Joint Committee,
Date of publication, distribution, etc. [1956]
650 #0 - SUBJECT ADDED ENTRY--TOPICAL TERM
Topical term or geographic name entry element Cities and towns -- Zambia.
Geographic subdivision Cities and towns -- Zambia.
Linkage S1625.1
651 #0 - SUBJECT ADDED ENTRY--GEOGRAPHIC NAME
Geographic name Kitwe -- Guidebooks.
General subdivision Kitwe -- Guidebooks.
Linkage S40495.1
710 1# - ADDED ENTRY--CORPORATE NAME
Corporate name or jurisdiction name as entry element Kitwe. District Chamber of Commerce and Industry.
Subordinate unit Kitwe. District Chamber of Commerce and Industry.
Linkage A51583.1
949 ## - LOCAL PROCESSING INFORMATION (OCLC)
a (O2)1956/21
w lcc
m MAIN
t BOOK
l ON-SHELF

No items available.

© 2026 - The University of Zambia Library - Koha v25.11